000 00538nam a2200217Ia 4500
003 OSt
005 20220926040727.0
006 a|||||r|||| 00| 0
007 ta
008 220923b |||||||| |||| 00| 0 eng d
037 _cGeneral Book
040 _aRTL
_cRTL
_beng
041 _2eng
_aeng
082 _aB33, K6
100 _aBrand Louis
_9344023
245 0 _aDifferential and difference equations
260 _c1966
650 _aEquations
942 _hB33, K6
_cGB
_2CC
999 _c665507
_d665507